Stanovenie kritérií efektívnosti tvorby vnútorného prostredia vetraním : Dizertačná práca doktorandského štúdia
Salvato in:
| Autore principale: | |
|---|---|
| Natura: | Manoscritto Libro |
| Lingua: | slovacco |
| Pubblicazione: |
Bratislava :
STU v Bratislave SvF,
1996
|
| Tags: |
Nessun Tag, puoi essere il primo ad aggiungerne!!
|
MARC
| LEADER | 00000ntm a22000003a 4500 | ||
|---|---|---|---|
| 001 | stu57639 | ||
| 005 | 20160721135324.6 | ||
| 008 | 010418s1996----xo------------------slo-d | ||
| 040 | |a STU |b slo | ||
| 041 | 0 | |a slo | |
| 044 | |a xo | ||
| 080 | |a 697.9 | ||
| 100 | 1 | |a Packa, Igor |4 aut | |
| 245 | 1 | |a Stanovenie kritérií efektívnosti tvorby vnútorného prostredia vetraním : |b Dizertačná práca doktorandského štúdia | |
| 260 | |a Bratislava : |b STU v Bratislave SvF, |c 1996 | ||
| 300 | |a 80 s.;obr.,tab.,grafy |c 13 príl. | ||
| 996 | |b 284V037547 |c V*2134/DŠ-23 |l VVS |s A |a 24 |w stu57639_0001 | ||